00868 2200301 4500001002100000005001700021008004100038020001800079035002400097082001000121090001700131100003100148245011700179250001000296260003700306300002900343440004000372500003100412650001900443700001700462700000900479850001500488980001500503985000600518986001200524999001500536999001500551YOGYA-0209000003751320090227025248.0 ind  a979-3357-05-3 0010-020900000037513 a636.5 a636.5bIkh M aIKHWAN W., Wawan Mokhammad aMembuat pakan ayam ras pedagingcpenulis, Wawan Mochammad Ichwan W. ; penyunting, Tetty Yulia ; ilustrator, Ucok aCet.3 aJakartabAgromedia Pustakac2004 avi, 118 hlmbilusc24 cm aKiat mengatasi permasalahan praktis aBibliografi : hlm. 104-105 aAyam - Makanan aYulia, Tetty aUcok aYOPDYOG(B) a04-27-2006 a2 aMrrtrev a05B0010419 a05B0010420